|
|
|
|
| LEADER |
00910pam a22002418a 4500 |
| 001 |
00044981 |
| 005 |
20191017131057.0 |
| 008 |
110517s1998 ||||||Viesd |
| 020 |
# |
# |
|c 0
|
| 041 |
0 |
# |
|a Vie
|
| 082 |
1 |
# |
|a 510.7
|b PH561PH
|
| 100 |
0 |
# |
|a Phạm Gia Đức
|
| 245 |
0 |
0 |
|a Phương pháp dạy học môn toán
|b Giáo trình dành cho các trường CĐSP
|c Phạm Gia Đức, Nguyễn Mạnh Cảng, Bùi Huy Ngọc, Vũ Dương Thụy
|n T.1
|
| 250 |
# |
# |
|a Tái bản lần thứ ba
|
| 260 |
# |
# |
|a H.
|b Giáo dục
|c 2001
|
| 300 |
# |
# |
|a 204 tr.
|c 21 cm.
|
| 650 |
# |
# |
|a Phương pháp giảng dạy
|
| 650 |
# |
# |
|a Toán
|
| 700 |
0 |
# |
|a Bùi Huy Ngọc
|e tác giả
|
| 700 |
0 |
# |
|a Nguyễn Mạnh Cảng
|e tác giả
|
| 700 |
0 |
# |
|a Vũ Dương Thụy
|e tác giả
|
| 852 |
# |
# |
|j KGT.0059632
|
| 980 |
# |
# |
|a Trung tâm Học liệu Lê Vũ Hùng, Trường Đại học Đồng Tháp
|